000 00727nam a2200229Ii 4500
003 JO-AjNU
008 230605s9999||||xx |||||||||||||| ||und||
017 _a2006/8/2188
020 _a9957-02-255-5
040 _aJO-AjNU
_bara
_erda
_cJO-AjNU
041 _aara
050 1 4 _aHF 5549 .5 .T7.H37 2006
100 3 _aحسنين،حسين محمد,
_eauthor
_922132
245 0 0 _aمهارات المدرب= Trainer Skills
250 _aط1
264 3 1 _aعمان: دار مجدلاوي للنشر والتوزيع،2006
300 _a229ص
336 _atext
_btxt
_2rdacontent
337 _aunmediated
_bn
_2rdamedia
338 _avolume
_bnc
_2rdacarrier
650 4 _aالتنمية الادارية-التدريب
_922133
999 _aA7807
_c11375
_d11375